LEADER 00955ojm 2200241z- 450 001 9910155705703321 005 20230913112557.0 010 $a1-5124-4541-X 035 $a(CKB)3710000000976480 035 $a(BIP)058891628 035 $a(EXLCZ)993710000000976480 100 $a20231107c2017uuuu -u- - 101 0 $aeng 200 10$aMotorcycles on the Go 210 $cLerner 215 $a1 online resource (24 p.) 330 8 $aAudiseeŽ eBooks with Audio combine professional narration and text highlighting to engage reluctant readers!Carefully leveled text and fresh, vibrant photos engage young readers in learning about how motorcycles work and how people use them. Age-appropriate critical thinking questions and a photo glossary help build nonfiction learning skills. 676 $a629.227/5 700 $aDinmont$b Kerry$01247213 906 $aAUDIO 912 $a9910155705703321 996 $aMotorcycles on the Go$93597501 997 $aUNINA LEADER 01331nam2 22003011i 450 001 RML0269200 005 20231121125724.0 010 $a882070420X 100 $a20121121d1988 ||||0itac50 ba 101 | $aita 102 $ait 181 1$6z01$ai $bxxxe 182 1$6z01$an 200 1 $aVolume 1$fGiovanni Menditto 205 $a2. ed 210 $aNapoli $cLiguori Editore $d1988 215 $a736 p.$cill.$d24 cm 461 1$1001RML0269199$12001 $aEsercitazioni di tecnica delle costruzioni$fGiovanni Menditto 606 $aTecnica delle costruzioni$xEsercizi$2FIR$3RMLC381639$9I 700 1$aMenditto$b, Giovanni$3RMLV173600$01374 801 3$aIT$bIT-01$c20121121 850 $aIT-FR0099 899 $aBiblioteca Area Ingegneristica$bFR0099 912 $aRML0269200 950 2$aBiblioteca Area Ingegneristica$d 54DII 624.1076 MEN I$e 54VM 0000395845 VM barcode:BAIN003930. - Inventario:105DVM$fA $h20040211$i20121204$d 54DII 624.1076 MEN I$e 54VM 0000395835 VM barcode:BAIN003931. - Inventario:103DVM$fA $h20051213$i20121204$d 54DII 624.1076 MEN I$e 54VM 0000395825 VM barcode:BAIN003932. - Inventario:104DVM$fA $h20040211$i20121204 977 $a 54 996 $aVolume 1$93625189 997 $aUNICAS